| 000 | 00796nam a2200229Ia 4500 | ||
|---|---|---|---|
| 003 | GCL | ||
| 005 | 20240530104120.0 | ||
| 008 | 140319s9999 xx 000 0 ara d | ||
| 017 |
_a1986/2139 _bمصر . دار اكتب المصرية |
||
| 040 |
_aGCL / _cGCL |
||
| 082 | 0 | 4 |
_a938.101 _bش ح |
| 100 | 1 | _aشحاته محمد اسماعيل | |
| 245 | 1 | 0 |
_aحول منهجية البحث فى التاريخ اليونانى / _cشحاته محمد اسماعيل |
| 250 | _aط1 | ||
| 260 |
_aالقاهرة : _bدار الكتاب الجامعى ، _c1985 |
||
| 300 |
_a255 ص ؛ _c24 سم |
||
| 650 | 0 | 4 | _aالفلسفة اليونانية |
| 650 | 0 | 4 | _aالحضارة الاغريقية |
| 650 | 0 | 4 | _aالفن اليونانى |
| 650 | 0 | 4 | _aاليونان - تاريخ |
| 942 |
_2ddc _cBK |
||
| 999 |
_c44716 _d44716 |
||